| 000 | 00449 a2200145 4500 | ||
|---|---|---|---|
| 005 | 20250618150408.0 | ||
| 020 | _a0-86612-214-1 | ||
| 082 | _a658.4 BIT | ||
| 245 | _aLodging Management Program | ||
| 260 |
_aNew York _bThe Educational Institute of the American & Motel Association _c1999. |
||
| 300 |
_axiv, 362p.: ill.; figures, tables, pictures _bIndex, Glossary _c23cm |
||
| 700 | _aRobert Bittner | ||
| 700 | _aJennifer Smith | ||
| 942 |
_2ddc _cBKS |
||
| 999 |
_c4318 _d4318 |
||